• 首页
  • 本馆介绍
  • 公告通知
  • 最新文献
  • 馆藏检索
  • 电子资源
  • 读者导购
  • 参考咨询
  • 我的图书馆
  • 登录
  • 详细信息显示
  • 放入我的书架
  • 预约/预借图书
  • 作者相关作品
  • 分类相关作品
  • 丛书相关作品
  • 出版社相关作品

书目信息

  • 表格格式
  • 工作单格式
  • 卡片格式
题名:
基础化学实训教程
    
 
作者: 蔡自由 , 钟国清 主编
分册:  
出版信息: 北京   科学出版社  2016.06
页数: 236页
开本: 26cm
丛书名:
单 册:
中图分类: O6-43 , O6
科图分类:
主题词: 化学--高等职业教育--教材
电子资源:
ISBN: 978-7-03-048454-3
000 01215nam0 2200277 450
001 3626
005 20181009100128.17
010    @a978-7-03-048454-3@dCNY39.00
100    @a20160923d2016 em y0chiy50 ea
101 0  @achi
102    @aCN@b110000
105    @aa az 000yy
200 1  @a基础化学实训教程@9ji chu hua xue shi xun jiao cheng@f蔡自由,钟国清主编
205    @a2版
210    @a北京@c科学出版社@d2016.06
215    @a236页@c图@d26cm
300    @a新世纪高职高专教材
320    @a有书目(第216页)
330    @a本书与科学出版社“新世纪高职高专教材”《大学基础化学》(第3版)配套的实训教材,将无机化学、分析化学、有机化学和仪器分析等化学实训内容优化组合,精心编写而成,既强化学生的基本知识和基本操作技能,又注重培养学生的化学实践能力、化学技能应用能力和创新能力。主要内容包括化学实训基本知识、化学实训基本操作、基础实训和应用实训项目、综合实训和准设计实训项目、考核实训项目和评价标准等。附录配套常见化学式量、常见化学试剂配制、常见阴阳离子鉴定、实训报告示例和实训教学教案等。
606 0  @a化学@x高等职业教育@j教材
690    @aO6-43@v5
690    @aO6@v4
701  0 @a蔡自由@9cai zi you@4主编
701  0 @a钟国清@9zhong guo qing@4主编
801  0 @aCN@b91MARC@c20160923
905    @aMuseLib@dO6@e881=2
    
    基础化学实训教程/蔡自由,钟国清主编.-2版.-北京:科学出版社,2016.06
    236页:图;26cm
    新世纪高职高专教材
    
    ISBN 978-7-03-048454-3:CNY39.00
    本书与科学出版社“新世纪高职高专教材”《大学基础化学》(第3版)配套的实训教材,将无机化学、分析化学、有机化学和仪器分析等化学实训内容优化组合,精心编写而成,既强化学生的基本知识和基本操作技能,又注重培养学生的化学实践能力、化学技能应用能力和创新能力。主要内容包括化学实训基本知识、化学实训基本操作、基础实训和应用实训项目、综合实训和准设计实训项目、考核实训项目和评价标准等。附录配套常见化学式量、常见化学试剂配制、常见阴阳离子鉴定、实训报告示例和实训教学教案等。
●
相关链接 在E读中查询图书 在五车中查询图书 在当当中查询图书 在豆瓣中查询图书


正题名:基础化学实训教程     索取号:O6/881=2         预约/预借

序号 登录号 条形码 馆藏地/架位号 状态 备注
1 1122927   211229277   第二样本阅览室/ [索取号:O6/881=2] 在馆    
2 1122928   211229286   第三借阅区/ [索取号:O6/881=2] 在馆    
3 1122929   211229295   第三借阅区/ [索取号:O6/881=2] 在馆    
4 1122930   211229302   第三借阅区/ [索取号:O6/881=2] 在馆    
5 1122931   211229311   化学系资料室/ [索取号:O6/881=2] 在馆    
唐山师范学院图书馆 欢迎您!
大连网信软件有限公司© 版权所有